MDQL
is popping MORE tags! Check the
thread
!
Quizzes
Events
Quiz Creation
Community
Videos
Private Events
Remove Ads
Sign In
Join for FREE
Feedback
Dark Mode
Quiz Categories
Sports
Geography
Music
Movies
Television
Just For Fun
Miscellaneous
History
Literature
Language
Science
Gaming
Entertainment
Religion
Holiday
For Kids
Quiz Lab
Recent
Popular Today
Quiz Kudos Today
Editor Picks
Curator Picks
Quizzes by...
Day
Popularity
Type
Ratings
Length
Year
Community
Subscriptions
Recent Discussions
Orange Saloon
Badges
Playlists
Quests
Create
Leaderboards
Showdown
Live 5
Trivia Bingo
Activity
Puzzle Library
Sporcle Events
Private Events
Virtual Trivia
Globe League
Become a Host
Pub Owners
SporcleCon
Opinionation
Our Games
Videos
Blog
Mobile Apps
Partnerships
Remove Ads and Go Orange
Feedback
Gaming
Video Games
Board Games
Card Games
Pokémon
Mario
Nintendo
Minecraft
Console
Toys
Legend of Zelda
Gaming
Video Games
Board Games
Card Games
Pokémon
Mario
Nintendo
Minecraft
Console
Toys
Legend of Zelda
Random Quiz
Search Sporcle
×
Quiz Lab
Quiz Lab
Gaming
Mario
Type in answers that appear in a list
Type in answers that appear in a list
Classic
Best Score? Go Orange.
Paper Mario Series Bosses Stats
Can you name the bosses of the Paper Mario series?
By
sightswiftlifter
6m
27 Questions
906 Plays
906 Plays
906 Plays
Comments
Comments
Give Quiz Kudos
Give Quiz Kudos
-
- Ratings
hide this ad
Replay
Link that replays current quiz
Next Quiz
Link to next quiz in quiz playlist
You Got
0%
They Got
Avg Score
72%
Avg Friend Score
Upgrade to see
Score Distribution
Jump to the score distribution portion of the page
Score
0/27
Timer
06:00
0
Plays Today
Game
Boss
% Correct
Paper Mario
Bowser
95.4%
Paper Mario: The Thousand-
Year Door
Shadow Queen
86.6%
Paper Mario: The Thousand-
Year Door
Hooktail
82.4%
Paper Mario
The Koopa Bros.
80.9%
Paper Mario: The Thousand-
Year Door
Sir Grodus / Bowser & Kammy
79.2%
Super Paper Mario
Count Bleck
78.6%
Paper Mario
Tubba Blubba
76.9%
Super Paper Mario
Mimi
76.9%
Super Paper Mario
Mr. L and Brobot
76.8%
Paper Mario: The Thousand-
Year Door
Doopliss
75.4%
Paper Mario: The Thousand-
Year Door
Cortez
75.2%
Paper Mario
The Goomba King
74.8%
Paper Mario
Crystal King
74.4%
Paper Mario
Huff N. Puff
73.1%
Game
Boss
% Correct
Paper Mario
General Guy
73%
Paper Mario: The Thousand-
Year Door
Macho Grubba
72.3%
Paper Mario
Tutankoopa
71.5%
Paper Mario
Lava Piranha
71.4%
Super Paper Mario
Fracktail
70.7%
Paper Mario: The Thousand-
Year Door
Magnus Von Grapple
70.4%
Paper Mario: The Thousand-
Year Door
Smorg
68.2%
Super Paper Mario
Francis
67.1%
Super Paper Mario
Super Dimentio
66.4%
Paper Mario: The Thousand-
Year Door
Magnus Von Grapple 2.0
64.6%
Super Paper Mario
Bonechill
58.7%
Super Paper Mario
King Croacus IV
52.9%
Super Paper Mario
Mr. L and Brobot L-Type
48.7%
Quiz Playlist
Details
Report
Send in Message
Add To Playlist
Classic:
Type in answers that appear in a list
Quiz Source
Last Updated: Feb 16, 2017
Quiz Scoreboard
CHALLENGE
Sign Up to Join the Scoreboard
Show All
Scores
Hide
Comments
May contain spoilers
Recently Published
Colored Red Africa Blitz
by spor1
Geography
30s
Find the 'City' Movie
by crazypaving
Movies
60s
5x2 Blitz: Bands
by SL_Kpop136
Music
30s
More to Explore
Quiz From the Vault
Featured Blog Post
14 Easter Pick-up Lines to Find Eggs With
hide this ad
You Might Also Like...
Tags
Mario Quiz
boss
Paper
Paper Mario
Today's Top Quizzes in Gaming
Browse Gaming
hide this ad
Today's Top Quizzes in Mario
Browse Mario
Top Contributed Quizzes in Gaming
1
Dead By Daylight Logic Puzzle
2
League of Legends Pro Players by Career/Team History
3
Destiny 2 exotic weapons by perk icons
4
Genshin Impact Logic Puzzle
5
Overwatch 2: Ultimate Ability Icons
6
Genshin Impact Logic Puzzle Quiz II
7
Windmill: Elements
8
Overwatch Logic Puzzle
9
Genshin Impact Logic Puzzle Quiz
10
Genshin murder mystery
Explore More
Trending Topics
NBA
Anime
Harry Potter
Crossword
Kpop
Marvel
Disney
Puzzle
Song
Soccer
The Office
Country
NFL
Pokémon
WWE
hide this ad
More By:
sightswiftlifter
Quiz
Plays
Rating
Category
Featured
Created
Pokemon in the Sinnoh Pokedex
4,075
5.00
Gaming
Feb 13, 2010
Paper Mario Series Bosses
906
4.67
Gaming
Oct 6, 2009
Steel Type Pokemon
667
4.33
Gaming
Jan 30, 2010
No More Heroes Assassins
151
5.00
Gaming
May 29, 2010
Living in the Sunlight
112
4.33
Music
Feb 25, 2012
Go to Creator's Profile
Score Distribution
Quiz Creator Spotlight
sightswiftlifter
Follow
Send a Message
Quizzes Created
-
Created Quiz Play Count
-
More By This Creator
Popular Quizzes Today
1
Find the 'City' Movie
2
Colored Red Africa Blitz
3
Find the US States - No Outlines Minefield
4
5x2 Blitz: Bands
5
The Countries of the World
6
Find the US States
7
US States
8
9x9 Crossword: Cartoon Network
More Gaming Quizzes
Video Game Franchises
Quiz Lab
Trending Quizzes
Colored Red Europe Blitz I
Colored Red Africa Blitz II
Colored Red Europe Blitz II
Colored Red Africa Blitz III
Colored Red Europe Blitz III
Recently Updated
2024 March Madness Bracket
pecheneg
Famous TV Couples
Peacemaker
Champions League XIs: Real Madrid
pecheneg
Largest US Cities 1790-2010
pecheneg
Rides in Walt Disney World
pecheneg
Most Oscar Losses (Acting)
pecheneg
Beyoncé Albums
pecheneg
Leaping Animals
pecheneg
Reality TV Shows (A-Z)
bhenderson79
Rickey Henderson's Hall of Fame Teammates
pecheneg
Trending Topics
Disney
NBA
Anime
Marvel
Crossword
Harry Potter
Kpop
Soccer
NFL
Country
Pokémon
Puzzle
The Office
Song
WWE
Your Account Isn't Verified!
In order to create a playlist on Sporcle, you need to verify the email address you used during registration. Go to your
Sporcle Settings
to finish the process.
Report this User
Report this user for behavior that violates our
Community Guidelines
.
Details:
Send Report
Go to the Sporcle.com Mobile Site →
Comments